00720nam a2200253 a 4500001001300000003000900013005001700022008004100039020001000080082001600090100002200106245003200128260003400160300000900194500003500203505001000238650002900248650002100277700002200298902000800320942000700328952011600335999001500451nice12345678IN_TiNIC20260116011702.0050524s1904 oxfa grd 000 0 eng  ac10000a473.21bLEW aLewis, Charlton T aElementary Latin Dictionary aOxfordbClarendon Pressc1904 a952p aincludes index and biblioraphy2 aindex aDictionary-Latin-English aLatin-Dictionary1 aLewis, Charlton T bSRS cBK 001040708StackRoom-aHMIbHMId2007-06-06g100.00l0o473.21 LEWp08724r2007-06-06v100.00w2005-05-24yBK c3402d3402